00340 a2200133 450000100060000002000180000604000220002410000310004624000500007724500450012730000080017236200090018065000170018962949 a9788585819095 cAnchieta - Pituba aVasconcellos, Celso dos S.10aCoordenação do trabalho pedagógicolpor10aCoordenação do trabalho pedagógico a2130 a2013 4aEducação